00630nam a2200217Ia 4500003000900000008004100009040001300050040001300063041000800076100001900084245003200103250001100135260000800146260000900154300001000163490002000173490000600193600018700199700001800386700000800404IT-RoPAU120407s9999 xx 000 0 und d aIT-RoPAU cIT-RoPAU aita aManuel de Tuya a"Introducion a la Biblia. " aMadrid aBAC c1967 c20 cm aB.A.C. 262,268. v2 a" I° V Inspiracion biblica. Canon. Texto. Versiones. 2° V Herméneutica Biblica. Historia de la Interpretacion de la Biblia. Instituciones israelitas. Geografia de la Palestina." aJose Salguero cop.